Вещества взрывчатые промышленные. Технические условия; ГОСТ 21982-76 Вещества взрывчатые промышленные. Аммониты водоустойчивые предохранительные. Технические условия; ГОСТ 21983-76 Вещества взрывчатые промышленные. Победиты и углениты. Технические условия; ГОСТ 21984-76 Вещества взрывчатые промышленные. Аммониты водоустойчивые. Технические условия; ГОСТ 21985-76 Вещества взрывчатые промышленные. Аммонит скальный № 1. Технические условия; ГОСТ 21986-76 Вещества взрывчатые промышленные. Детониты. Технические условия; ГОСТ 21987-76 Вещества взрывчатые промышленные. Гранулиты. Технические условия; ГОСТ 21988-76 Вещества взрывчатые промышленные. Граммониты. Технические условия; ГОСТ 21989-76 Вещества взрывчатые промышленные. Акватолы. Технические условия
| Ente Autore: | |
|---|---|
| Lingua: | russo |
| Pubblicazione: |
Москва, Изд-во стандартов, 1983
|
| Edizione: | Изд. офиц. |
| TOC: | ГОСТ 21982-76 Вещества взрывчатые промышленные. Аммониты водоустойчивые предохранительные. Технические условия; ГОСТ 21983-76 Вещества взрывчатые промышленные. Победиты и углениты. Технические условия; ГОСТ 21984-76 Вещества взрывчатые промышленные. Аммониты водоустойчивые. Технические условия; ГОСТ 21985-76 Вещества взрывчатые промышленные. Аммонит скальный № 1. Технические условия; ГОСТ 21986-76 Вещества взрывчатые промышленные. Детониты. Технические условия; ГОСТ 21987-76 Вещества взрывчатые промышленные. Гранулиты. Технические условия; ГОСТ 21988-76 Вещества взрывчатые промышленные. Граммониты. Технические условия; ГОСТ 21989-76 Вещества взрывчатые промышленные. Акватолы. Технические условия; |
| Serie: | Государственные стандарты |
| Soggetti: | |
| Natura: | MixedMaterials Libro |
| KOHA link: | https://koha.lib.tpu.ru/cgi-bin/koha/opac-detail.pl?biblionumber=157353 |
MARC
| LEADER | 00000nam0a2200000 4500 | ||
|---|---|---|---|
| 001 | 157353 | ||
| 005 | 20231031153725.0 | ||
| 035 | |a (RuTPU)RU\TPU\book\170673 | ||
| 035 | |a RU\TPU\book\170666 | ||
| 090 | |a 157353 | ||
| 100 | |a 20090407d1983 km y0rusy50 ca | ||
| 101 | 0 | |a rus | |
| 102 | |a RU | ||
| 105 | |a a l 000zy | ||
| 200 | 1 | |a Вещества взрывчатые промышленные. Технические условия | |
| 205 | |a Изд. офиц. | ||
| 210 | |a Москва |c Изд-во стандартов |d 1983 | ||
| 215 | |a 63 с. |c ил. | ||
| 225 | 1 | |a Государственные стандарты | |
| 464 | |t ГОСТ 21982-76 Вещества взрывчатые промышленные. Аммониты водоустойчивые предохранительные. Технические условия | ||
| 464 | |t ГОСТ 21983-76 Вещества взрывчатые промышленные. Победиты и углениты. Технические условия | ||
| 464 | |t ГОСТ 21984-76 Вещества взрывчатые промышленные. Аммониты водоустойчивые. Технические условия | ||
| 464 | |t ГОСТ 21985-76 Вещества взрывчатые промышленные. Аммонит скальный № 1. Технические условия | ||
| 464 | |t ГОСТ 21986-76 Вещества взрывчатые промышленные. Детониты. Технические условия | ||
| 464 | |t ГОСТ 21987-76 Вещества взрывчатые промышленные. Гранулиты. Технические условия | ||
| 464 | |t ГОСТ 21988-76 Вещества взрывчатые промышленные. Граммониты. Технические условия | ||
| 464 | |t ГОСТ 21989-76 Вещества взрывчатые промышленные. Акватолы. Технические условия | ||
| 610 | 1 | |a стандарты | |
| 610 | 1 | |a ГОСТы | |
| 610 | 1 | |a взрывчатые вещества | |
| 610 | 1 | |a технические условия | |
| 610 | 1 | |a аммониты | |
| 610 | 1 | |a гранулиты | |
| 712 | 0 | 1 | |a СССР |b Государственный комитет по стандартам (Госстандарт) |c (1978-1989) |2 stltpush |3 (RuTPU)RU\TPU\col\12454 |
| 801 | 2 | |a RU |b 63413507 |c 20221208 |g PSBO | |
| 942 | |c BK | ||